01015nas a2200241Ia 4500001001100000003000900011008004100020040001300061040001300074041001300087100003800100210001800138222001800156245008900174250001100263260004100274501008600315300001100401310001200412362003300424500026200457650005400719R138/G4100IT-RoPAU151124c99999999xx |||||||||||| ||und|| aIT-RoPAU cIT-RoPAU aITALIANO aAA.VV. gCodice Aut. SPICS: 12000 aFAMIGLIA OGGI aFamiglia Oggi aFAMIGLIA OGGI, ANNO 23-N.05 (MAGGIO 2000)bFamiglia Oggi, Anno 23-N.05 (Maggio 2000) a1a ed. aALBA (CN)bPERIODICI SAN PAOLOc2000 bPaulus - SPICS - Società San Paolo EM (non-commercial uses only)cCopyright2015 a120 p. aMENSILE aANNO 023, N.05 (MAGGIO 2000) aNumero Sulla Malattia di Alzheimer: un Processo Degenerativo dei Neuroni Corticali di Claudio Mariani; un Ladro di Memorie di Angelo Bianchetti e Alessandra Pezzini, Sintomatologia della Malattia; Sfida della Fragilità di Marco Trabucchi, Reti di Sostegni aCOMUNICAZIONE - FAMIGLIAvPUBBLICAZIONE PERIODICA